000 00296nam a2200121Ia 4500
008 220204s9999 xx 000 0 und d
082 _a031
_bWAL
100 _aLEV, Joseph
245 0 _aStatistical inference
260 _aCalcutta
_bOxford & IBH
_c1965
700 _aWALKER, Helen M
942 _cBK
999 _c20885
_d20885